10 ways to improve farm staff management (Record no. 76035)
[ view plain ]
| 000 -LEADER | |
|---|---|
| fixed length control field | 01063cab a2200181 4500 |
| 001 - CONTROL NUMBER | |
| control field | ##L131308 |
| 008 - FIXED-LENGTH DATA ELEMENTS--GENERAL INFORMATION | |
| fixed length control field | 051019n2005 000 0 eng u |
| 035 ## - SYSTEM CONTROL NUMBER | |
| System control number | (Sirsi) u131308 |
| 041 0# - LANGUAGE CODE | |
| Language code of text/sound track or separate title | eng |
| 100 1# - MAIN ENTRY--PERSONAL NAME | |
| Personal name | Horne, Suzie |
| 245 00 - TITLE STATEMENT | |
| Title | 10 ways to improve farm staff management |
| 260 3# - PUBLICATION, DISTRIBUTION, ETC. | |
| Date of publication, distribution, etc. | 2005 |
| 490 #0 - SERIES STATEMENT | |
| Series statement | Farmers' Weekly |
| Volume/sequential designation | 143(15) 7 October 2005, 34-37(4) |
| 520 ## - SUMMARY, ETC. | |
| Summary, etc. | Passes on expert advice on how to manage farm staff so that they are happy, motivated and productive. Discusses improving communication and involvement, tackling problems when they arise, ensuring pay and incentives are right and that conditions can be as important as pay. Advises making health and safety a priority and knowing current legislation and prospective changes in legislation. Considers the importance of good recruitment practice, the provision of challenging work and realistic targets and concludes with a reminder to give enough time to good administration. |
| 590 ## - LOCAL NOTE (RLIN) | |
| Local note | IKA251005 |
| 690 ## - LOCAL SUBJECT ADDED ENTRY--TOPICAL TERM (OCLC, RLIN) | |
| Topical term or geographic name as entry element | MANAGEMENT-BUSINESS MANAGEMENT-HUMAN RESOURCE MANAGEMENT |
| 942 ## - ADDED ENTRY ELEMENTS (KOHA) | |
| Suppress in OPAC | 0 |
| Withdrawn status | Lost status | Source of classification or shelving scheme | Damaged status | Not for loan | Home library | Current library | Shelving location | Date acquired | Total Checkouts | Full call number | Barcode | Date last seen | Copy number | Price effective from | Koha item type |
|---|---|---|---|---|---|---|---|---|---|---|---|---|---|---|---|
| Dewey Decimal Classification | London | London | Journal article | 19/10/2005 | L131308 | 131308-1001 | 06/08/2019 | 1 | 06/08/2019 | Journal article |